[Event "Santiago de Cuba Province-ch final"]
[Site "Santiago de Cuba"]
[Date "2018.09.29"]
[Round "6"]
[White "Osorio Colon, Rafael"]
[Black "Torres Martinez, Ernesto"]
[Result "1-0"]
[WhiteElo "1985"]
[BlackElo "1784"]
[PlyCount "57"]
[EventDate "2018.09.26"]
[EventType "swiss"]
[EventRounds "9"]
[EventCountry "CUB"]
[SourceTitle "EXT 2021"]
[Source "ChessBase"]
[SourceDate "2020.10.23"]
[SourceVersion "1"]
[SourceVersionDate "2020.10.23"]
[SourceQuality "1"]

1. d4 d6 2. Nf3 Nf6 3. c4 c6 4. Nc3 Bf5 5. Bg5 Nbd7 6. e3 e6 7. e4 Bg4 8. Be2 Bxf3 9. Bxf3 Be7 10. 0-0 e5 11. d5 c5 12. Be3 0-0 13. g3 Nb6 14. Be2 Qd7 15. f4 Rfd8 16. fxe5 dxe5 17. a4 a6 18. a5 Nc8 19. Rf5 Nxe4 20. Rxe5 Nxc3 21. bxc3 Bf6 22. Re4 Bxc3 23. Rb1 Bxa5 24. Bd3 Bb4 25. Qh5 f5 26. Re6 g6 27. Qg5 Nd6 28. Re7 Qa4 29. Qf6 1-0

[Event "Santiago de Cuba Province-ch final"]
[Site "Santiago de Cuba"]
[Date "2018.09.27"]
[Round "3"]
[White "Neyra Ferrer, Jose Asdrubal"]
[Black "Osorio Colon, Rafael"]
[Result "1/2-1/2"]
[WhiteElo "2180"]
[BlackElo "1985"]
[PlyCount "40"]
[EventDate "2018.09.26"]
[EventType "swiss"]
[EventRounds "9"]
[EventCountry "CUB"]
[SourceTitle "EXT 2021"]
[Source "ChessBase"]
[SourceDate "2020.10.23"]
[SourceVersion "1"]
[SourceVersionDate "2020.10.23"]
[SourceQuality "1"]

1. e4 c6 2. d4 d5 3. Nc3 dxe4 4. Nxe4 Bf5 5. Ng3 Bg6 6. Nf3 Nd7 7. h4 h6 8. h5 Bh7 9. Bd3 Bxd3 10. Qxd3 e6 11. Qe2 Bd6 12. Ne4 Be7 13. Bf4 Ndf6 14. 0-0-0 Nxe4 15. Qxe4 Nf6 16. Qe5 Qd5 17. Kb1 Ne4 18. Be3 Qxe5 19. dxe5 Bc5 20. Bxc5 Nxc5 1/2-1/2

[Event "Villa Santiago op"]
[Site "Santiago de Cuba"]
[Date "2018.08.12"]
[Round "5"]
[White "Osorio Colon, Rafael"]
[Black "Lavigne Lopez, Raul Leonardo"]
[Result "0-1"]
[WhiteElo "2019"]
[BlackElo "2112"]
[PlyCount "42"]
[EventDate "2018.08.08"]
[EventType "swiss"]
[EventRounds "7"]
[EventCountry "CUB"]
[SourceTitle "EXT 2021"]
[Source "ChessBase"]
[SourceDate "2020.10.23"]
[SourceVersion "1"]
[SourceVersionDate "2020.10.23"]
[SourceQuality "1"]

1. d4 e6 2. c4 f5 3. Nf3 Nf6 4. Nc3 c6 5. Bg5 d5 6. e3 Bd6 7. c5 Bc7 8. g3 0-0 9. Bg2 Nbd7 10. b4 Qe8 11. Bf4 e5 12. dxe5 Nxe5 13. 0-0 Qe7 14. Qd4 Nxf3+ 15. Bxf3 Bxf4 16. gxf4 Ne4 17. Ne2 Rf6 18. Kh1 Rh6 19. Bxe4 Qh4 20. Bxd5+ Kh8 21. Kg2 Qh3+ 0-1